|
|
|
|
| LEADER |
00000nab a22000001a 4500 |
| 001 |
vtls010832783 |
| 003 |
SK-MaSNL |
| 005 |
20260304170759.0 |
| 008 |
230121|2006 xo |||||||||||||||||slo| |
| 035 |
|
|
|a (urnnbn)urn:nbn:sk:snk:ar-a06lkl
|
| 035 |
|
|
|a urn:nbn:sk:snk-ab5xcz
|
| 035 |
|
|
|a (uuid)a54fc034-d95e-4c58-949a-f2b3e35652ba
|
| 040 |
|
|
|a SNKBUCL
|b slo
|c SNKBUCL
|e AACR2
|
| 041 |
0 |
|
|a slo
|
| 044 |
|
|
|a xo
|c SK
|
| 080 |
|
|
|a 023.4/.5
|2 2001
|
| 100 |
0 |
|
|a MK
|4 aut
|9 809280
|
| 245 |
1 |
0 |
|a Jubilant Dušan Katuščák
|c Mk
|
| 600 |
1 |
7 |
|a Katuščák, Dušan,
|d 1946-
|2 SNKMA
|9 13812
|
| 610 |
2 |
7 |
|a Slovenská národná knižnica
|2 SNKKA
|9 30663
|
| 610 |
2 |
7 |
|a Žilinská univerzita v Žiline
|2 SNKKA
|9 165741
|
| 650 |
0 |
7 |
|a knihovníci
|2 SNKPH
|9 4220
|
| 773 |
0 |
|
|t Bulletin Slovenskej asociácie knižníc
|g Roč. 14, č. 1 (2006), s. 42-44
|
| 954 |
|
|
|a odborná, vedecká literatúra pôvodná (slovenská)
|2 lita
|
| 958 |
|
|
|a OND
|
| 958 |
|
|
|a EUIPO
|
| 958 |
|
|
|a article5
|
| 999 |
|
|
|c 2990240
|d 2992170
|